000 004230000a22001810004500
999 _c47987
_d47987
001 783
003 CO-MdFUSB
005 20181029152825.0
008 181029b xxu||||| |||| 00| 0 eng d
040 _cCO-MdBIC
082 0 4 _a813C K63t
100 1 _aKirn, Ann
245 1 0 _aTwo pesos for Catalina / Ann kirn
260 _aNwe York : Rand Mcnally
300 _a[ 58 P.]
650 1 4 _aLiteratura Infantil
942 _cLGB